00401nam a2200169Ia 4500008004100000020001800041050001400059100001800073245003300091245001800124260001300142260001800155260000900173300001400182300002500196300001000221180207s9999 xx 000 0 und d a9780744536430 bL142 1993 aLacome, Julie aWalking through the jungle / cJulie Lacome. aLondon : bWalker Books, c1993 aunpaged : bcolor illustration ; c22cm.